01274cam a22003011 4500001000500000005001700005020001500022040002300037050001600060082001500076100001800091245007300109250001800182260004700200300004500247500003800292505000800330520021100338521002400549521002000573650002000593700003000613906004500643942001500688999001500703952012700718952012700845247720260319110858.0 a0590416227 aDLCcDLCdDLCbeng00aPZ8.1.M834600a398.2709511 aMosel, Arlene10aTikki Tikki Tembocretold by Arlene Mosel. Illustrated by Blair Lent aFirst edition aNew YorkbHolt, Rinehart and Winstonc1968 a45 pages :bcolor illustrations ;c24 cm aAdaptation of a Chinese folktale. aZ  aWhen the eldest son fell in the well and most of the time getting help was spent pronouncing the name of the one in trouble, the Chinese, according to legend, decided to give all their children short names. a910 AD bLexile  aZ bRaz-Plus  1aFolklorezChina1 aLent, Blaireillustrator  a7bcbccorignewdueocipf19gy-gencatlg 2ddccBKn0 c2477d2477 00102ddc40708JUVFa002b002cSBSd2025-08-28l0oMOS Fic PZ8.M8346pFISTK01698r2023-12-11 15:50:00t1w2025-08-28yBK 00102ddc40708JUVFa002b002cSBSd2026-03-19l0oMOS Fic PZ8.M8346pFISBK02427r2026-03-19 11:08:55t2w2026-03-19yBK